MARC details
| 000 -LEADER |
| fixed length control field |
02677cam a2200505 i 4500 |
| 001 - CONTROL NUMBER |
| control field |
data |
| 005 - DATE AND TIME OF LATEST TRANSACTION |
| control field |
20260322212119.0 |
| 008 - FIXED-LENGTH DATA ELEMENTS--GENERAL INFORMATION |
| fixed length control field |
data |
| 035 ## - SYSTEM CONTROL NUMBER |
| System control number |
21024889 |
| 010 ## - LIBRARY OF CONGRESS CONTROL NUMBER |
| LC control number |
2019299319 |
| 016 7# - NATIONAL BIBLIOGRAPHIC AGENCY CONTROL NUMBER |
| Record control number |
1153422131 |
| Source |
GyFmDB |
| 016 7# - NATIONAL BIBLIOGRAPHIC AGENCY CONTROL NUMBER |
| Record control number |
018870881 |
| Source |
Uk |
| 020 ## - INTERNATIONAL STANDARD BOOK NUMBER |
| International Standard Book Number |
9783825368586 |
| Qualifying information |
(hd.bd.) |
| 020 ## - INTERNATIONAL STANDARD BOOK NUMBER |
| International Standard Book Number |
3825368580 |
| Qualifying information |
(hd.bd.) |
| 024 3# - OTHER STANDARD IDENTIFIER |
| Standard number or code |
9783825368586 |
| 035 ## - SYSTEM CONTROL NUMBER |
| System control number |
(OCoLC)1034780598 |
| 040 ## - CATALOGING SOURCE |
| Original cataloging agency |
OHX |
| Language of cataloging |
eng |
| Transcribing agency |
OHX |
| Description conventions |
rda |
| Modifying agency |
DLC |
| -- |
YDX |
| -- |
CUI |
| -- |
IXA |
| -- |
ERASA |
| -- |
UBC |
| -- |
OCLCF |
| -- |
ORU |
| -- |
UKMGB |
| -- |
TXM |
| -- |
DLC |
| 042 ## - AUTHENTICATION CODE |
| Authentication code |
lccopycat |
| 050 00 - LIBRARY OF CONGRESS CALL NUMBER |
| Classification number |
PS65.N38 |
| Item number |
R48 2018 |
| 072 #7 - SUBJECT CATEGORY CODE |
| Subject category code |
PS |
| Source |
lcco |
| 082 04 - DEWEY DECIMAL CLASSIFICATION NUMBER |
| Classification number |
810/820 |
| 245 00 - TITLE STATEMENT |
| Title |
Revisionist approaches to American realism and naturalism / |
| Statement of responsibility, etc. |
Jutta Ernst, Sabina Matter-Seibel, Klaus H. Schmidt (eds.). |
| 264 #1 - PRODUCTION, PUBLICATION, DISTRIBUTION, MANUFACTURE, AND COPYRIGHT NOTICE |
| Place of production, publication, distribution, manufacture |
Heidelberg : |
| Name of producer, publisher, distributor, manufacturer |
Universitätsverlag Winter, |
| Date of production, publication, distribution, manufacture, or copyright notice |
[2018] |
| 300 ## - PHYSICAL DESCRIPTION |
| Extent |
xxi, 283 pages : |
| Other physical details |
illustrations ; |
| Dimensions |
22 cm |
| 336 ## - CONTENT TYPE |
| Content type term |
text |
| Content type code |
txt |
| Source |
rdacontent |
| 337 ## - MEDIA TYPE |
| Media type term |
unmediated |
| Media type code |
n |
| Source |
rdamedia |
| 338 ## - CARRIER TYPE |
| Carrier type term |
volume |
| Carrier type code |
nc |
| Source |
rdacarrier |
| 490 1# - SERIES STATEMENT |
| Series statement |
American studies (Munich, Germany), |
| International Standard Serial Number |
0178-1987 ; |
| Volume/sequential designation |
volume 284 |
| 500 ## - GENERAL NOTE |
| General note |
International conference proceedings. |
| 504 ## - BIBLIOGRAPHY, ETC. NOTE |
| Bibliography, etc. note |
Includes bibliographical references. |
| 520 ## - SUMMARY, ETC. |
| Summary, etc. |
"The present volume responds to the paradoxical situation that, in recent decades, U.S. realism and naturalism have been treated as "a stepchild of American literary history" (Fluck), but have also generated an enormous body of innovative scholarship. In keeping with the collection's title, the contributors both react and add to the revisionist endeavor of this new and exciting material. Modes of inquiry include meta-analyses, readings of little-known texts, revaluations of canonical authors, alternative takes on naturalism's relationship to genre, and transdisciplinary perspectives. Subjects covered range from William Dean Howells, Mark Twain, Mary Wilkins Freeman, Henry James, Jack London, Frank Norris, and Theodore Dreiser to Robert Frost, Richard Wright, and Edward Steichen."--Publisher website |
| 650 #0 - SUBJECT ADDED ENTRY--TOPICAL TERM |
| Topical term or geographic name entry element |
American literature. |
| 650 #0 - SUBJECT ADDED ENTRY--TOPICAL TERM |
| Topical term or geographic name entry element |
Naturalism in literature. |
| 650 #0 - SUBJECT ADDED ENTRY--TOPICAL TERM |
| Topical term or geographic name entry element |
Realism in literature. |
| 650 #7 - SUBJECT ADDED ENTRY--TOPICAL TERM |
| Topical term or geographic name entry element |
American literature. |
| Source of heading or term |
fast |
| Authority record control number or standard number |
(OCoLC)fst00807113 |
| 650 #7 - SUBJECT ADDED ENTRY--TOPICAL TERM |
| Topical term or geographic name entry element |
Naturalism in literature. |
| Source of heading or term |
fast |
| Authority record control number or standard number |
(OCoLC)fst01034541 |
| 650 #7 - SUBJECT ADDED ENTRY--TOPICAL TERM |
| Topical term or geographic name entry element |
Realism in literature. |
| Source of heading or term |
fast |
| Authority record control number or standard number |
(OCoLC)fst01091237 |
| 700 1# - ADDED ENTRY--PERSONAL NAME |
| Personal name |
Ernst, Jutta, |
| Relator term |
editor. |
| 700 1# - ADDED ENTRY--PERSONAL NAME |
| Personal name |
Matter-Seibel, Sabina, |
| Dates associated with a name |
1958- |
| Relator term |
editor. |
| 700 1# - ADDED ENTRY--PERSONAL NAME |
| Personal name |
Schmidt, Klaus H., |
| Relator term |
editor. |
| 830 #0 - SERIES ADDED ENTRY--UNIFORM TITLE |
| Uniform title |
American studies (Munich, Germany) ; |
| Volume/sequential designation |
v. 284. |
| 906 ## - LOCAL DATA ELEMENT F, LDF (RLIN) |
| a |
0 |
| b |
ibc |
| c |
copycat |
| d |
2 |
| e |
ncip |
| f |
20 |
| g |
y-gencatlg |
| 925 0# - |
| -- |
Acquire |
| -- |
1 shelf copy |
| -- |
policy default |